MARC보기
LDR00000nam c2200205 k 4500
001000000338719
00520250806094705
007ta
008250729s1998 ulk r 000af kor
020 ▼a 9788937460050 ▼g 04840 : ▼c \8000
020 ▼a 9788937460005(세트)
040 ▼a 248032 ▼c 248032 ▼d 248032
0411 ▼a kor ▼h eng
0490 ▼l EM111153 ▼l EM111154 ▼c 2 ▼l EM111155 ▼c 3
056 ▼a 843 ▼2 4
090 ▼a 843 ▼b 오66다
24520 ▼a 동물농장 / ▼d 조지 오웰 ; ▼e 도정일 옮김
24611 ▼a Animal Farm
250 ▼a 1판
260 ▼a 서울 : ▼b 민음사, ▼c 1998
300 ▼a 173 p. ; ▼c 23 cm
49010 ▼a 세계문학전집 ; ▼v 5
500 ▼a 원저자명 : George Orwell
504 ▼a "작가 연보" 수록
653 ▼a 영국문학 ▼a 영국소설 ▼a 세계문학
7001 ▼a 오웰, 조지, ▼e 저
7001 ▼a 도정일, ▼e 옮김
830 0 ▼a 세계문학전집 ; ▼v 5
90011 ▼a Orwell, George
9500 ▼b \8000
990 ▼a 관리자2 ▼b 관리자2